000 01521 a2200193 4500
001 48847
005 20260407155755.0
008 260407a1979 arg spa d
003 AR-UNSa-BCEJYS
040 _aAR-UNSa-BCEJYS
_bspa
_cAR-UNSa-BCEJYS
080 _a371.2
_xOrganización de las instituciones educativas y de la enseñanza
245 1 0 _aDirección del aprendizaje
264 1 _aMéxico :
_bDiana
_c1979
300 _a351 p.
_c21 cm.
505 _a1. Hacia una tecnología de la educación y adiestramiento - 2. El maestro-administrador - Sección uno: Planeación: 3. Cómo analizar el trabajo - 4. Cómo se identifica la necesidad de adiestramiento - 5. Cómo escribir objetivos - Sección dos: Organización: 6. Cómo seleccionar una táctica apropiada de enseñanza - 7. Cómo seleccionar auxiliares audiovisuales de aprendizaje - 8. Cómo seleccionar un tamaño de clase apropiado - 9. Cómo seleccionar una estrategia apropiada para la comunicación de reglas complejas, procesos e instrucciones - Sección tres: Cómo asumir el papel de liderazgo: 10. Cómo fortalecer las motivaciones de los alumnos - 11. Cómo identificar una estrategia de enseñanza apropiada - 12. Cómo enseñar a alumnos mayores - 13. Cómo enseñar habilidades sicomotoras - Sección cuatro: Cómo controlar: 14. Cómo evaluar un curso de aprendizaje - 15. Medidas de aprendizaje - 16. Cómo administrar mediante objetivos de aprendizaje.
942 _cBK
590 _aniveau_biblio:m niveau_hierar:0
100 1 _aDavies, Ivor K.
999 _c4751
_d4751